Population et systemes economiques au Guatemala: 1690-1810 /
Analiza las características de la producción y los mecanismos de apropiación del excedente económico en las regiones de Chiapas, Guatemala y El Salvador en la audiencia de Guatemala (siglo xviii) plantea como hipótesis básica que el tributo indígena fue un mecanismo fundamental en la agrupación del...
সংরক্ষণ করুন:
| প্রধান লেখক: | |
|---|---|
| বিন্যাস: | গবেষণাপত্র |
| প্রকাশিত: |
París:
Escuela de Altos Estudios en Ciencias Sociales
|
| ট্যাগগুলো: |
ট্যাগ যুক্ত করুন
কোনো ট্যাগ নেই, প্রথমজন হিসাবে ট্যাগ করুন!
|
MARC
| LEADER | 00000 a a2200000 04500 | ||
|---|---|---|---|
| 001 | 20729 | ||
| 003 | |||
| 040 | |a CRAI/IIS |c CRAI/IIS | ||
| 090 | |a 08819.00 | ||
| 100 | |a Solórzano Fonseca, Juan Carlos | ||
| 245 | |a Population et systemes economiques au Guatemala: 1690-1810 / |c Juan Carlos Solórzano Fonseca | ||
| 260 | |a París: |b Escuela de Altos Estudios en Ciencias Sociales | ||
| 300 | |a 316 páginas | ||
| 502 | |a Tesis (Licenciado en Historia) -- Ecole des Hautes Etudes en Sciences Sociales, 1981 | ||
| 520 | |a Analiza las características de la producción y los mecanismos de apropiación del excedente económico en las regiones de Chiapas, Guatemala y El Salvador en la audiencia de Guatemala (siglo xviii) plantea como hipótesis básica que el tributo indígena fue un mecanismo fundamental en la agrupación del excedente - económico por parte de los sectores dominantes y la más importante fuente de recursos fiscales. Hace una síntesis histórica de la región hasta el siglo xviii. Examina la estructura de la producción en las poblaciones de indios y de ladinos. Estudia la organización de la fuerza de trabajo en relación con la producción agrícola y artesanal y con las formas de circulación de los productos coloniales | ||
| 999 | |c 18060 |d 18060 | ||
